=LDR 00000nam 2200000 4500 =001 INLIS000000000061260 =005 20221003072134 =035 ##$$a 0010-1022000001 =007 ta =008 221003###########################0#ind## =082 ##$$a 610 =084 ##$$a 610 Fat 6 t =100 #$$a Farid Solana =245 1#$$a Temuan - Penting Teknologi Kedokteran /$c Farid Solana =250 ##$$a cet 1 =260 ##$$a yogyakarta :$b Pustaka Book Publiser,$c 2008 =300 ##$$a 140 hlm. : $b ilustrasi ; $c 21 cm =650 #4$$a Telnologi Kedokteran =990 ##$$a 22962296